Manual de suspensión de pagos, concurso y quiebra: estudio técnico-jurídico de las disposiciones pertinentes, con las normas complementarias vigentes, jurisprudencia y concordancias, seguidas de utilísimos modelos y formularios para el ejercicio funcional de los profesionales, abogados y procuradores, jueces, fiscales y secretarios y demás personal de Justicia
Saved in:
| 格式: | 圖書 |
|---|---|
| 語言: | 西班牙语 |
| 出版: |
Barcelona
Dux
1956
|
| 叢編: | Manuales de Derecho, Economía y Hacienda
|
| 主題: | |
| 標簽: |
添加標簽
沒有標簽, 成為第一個標記此記錄!
|
MARC
| LEADER | 00000nam a2200000 a 4500 | ||
|---|---|---|---|
| 001 | UCS1628 | ||
| 003 | CL-VaPUC | ||
| 008 | 970515e19560000SP |||||||||||||||||spa|d | ||
| 082 | 0 | 4 | |a 346.077 |b MAN |2 21 |
| 245 | 1 | 0 | |a Manual de suspensión de pagos, concurso y quiebra: estudio técnico-jurídico de las disposiciones pertinentes, con las normas complementarias vigentes, jurisprudencia y concordancias, seguidas de utilísimos modelos y formularios para el ejercicio funcional de los profesionales, abogados y procuradores, jueces, fiscales y secretarios y demás personal de Justicia |
| 300 | |a 237 p | ||
| 942 | |c BK | ||
| 945 | |d 19970515 00:00:00 |a cmena | ||
| 260 | |a Barcelona |b Dux |c 1956 | ||
| 650 | 0 | |a Derecho civil |9 255013 | |
| 650 | 0 | |a Derecho español |9 255291 | |
| 650 | 0 | |a Código civil |9 256135 | |
| 650 | 0 | |a Deudor y acreedor |9 256643 | |
| 650 | 0 | |a Quiebra |9 255386 | |
| 650 | 7 | |a JUNTA DE ACREEDORES |2 CL-VaPUC |9 386253 | |
| 650 | 0 | |a Jurisprudencia |9 255952 | |
| 650 | 0 | |a Justicia |9 255408 | |
| 651 | 0 | |a España |9 254926 | |
| 583 | |a last modification |c 19970515 00:00:00 |k Rodrigo Vera | ||
| 490 | 0 | |a Manuales de Derecho, Economía y Hacienda | |
| 999 | |c 259665 |d 259663 | ||
| 952 | |0 0 |1 0 |4 0 |6 346_077000000000000_MAN_1956 |7 0 |8 A |9 284887 |a BIBDER |b BIBDER |d 2019-11-19 |i 185299K |o 346.077 MAN 1956 |p 185299K |r 2023-01-25 |w 2019-11-19 |y BK |k DER | ||